Vajdasági Irodalmi Karaván a Csallóközben

Podrobná bibliografia
Hlavný autor: (km) (Autor)
Médium: Článok
Jazyk:maďarčina
slovenčina
Fyzický popis:Fotografie
ISSN:1338-9068
Predmet:

MARC

LEADER 00000nab a2200000 4500
001 vtls011901274
003 SK-MaSNL
005 20260318132803.0
008 191118|2019 xo |||| || ||00 0|hun
015 |a SNBRB2019/06 
040 |a DSZK  |b slo  |c DSZK  |e rda 
041 |a hun  |a slo 
043 |a e-xo--- 
044 |a xo  |c SK 
072 7 |a 821.511.1  |x Ugrofínske literatúry  |2 konspekt 
072 7 |a 021  |x Funkcie, význam a využívanie knižníc  |2 konspekt 
080 |a 821.511.141(497.113)-051  |2 2001 
080 |a 021.4:82(437.6)  |2 2011 
100 1 |a (km)  |4 aut  |9 843070 
245 1 0 |a Vajdasági Irodalmi Karaván a Csallóközben  |c [szerző] (km) 
300 |b Fotografie 
336 |a text  |b txt  |2 rdacontent 
337 |a bez média  |b n  |2 rdamedia 
338 |a zväzok  |b nc  |2 rdacarrier 
546 |a Dvojjazyčné vydanie 
650 0 7 |a maďarskí spisovatelia  |2 SNKPH  |9 55632 
650 0 7 |a besedy so spisovateľmi  |2 SNKPH  |9 59593 
651 7 |a Vojvodina (Srbsko)  |2 SNKPHgeo  |9 27375 
651 7 |a Šamorín (Slovensko)  |2 SNKPHgeo  |9 28925 
651 7 |a Dunajská Streda (Slovensko)  |2 SNKPHgeo  |9 17375 
651 7 |a Veľký Meder (Slovensko)  |2 SNKPHgeo  |9 19224 
773 0 |t Somorja és vidéke = Šamorín a okolie  |g Évf. XXIX, sz. 6 (2019), o. 6  |x 1338-9068 
852 |a DSZK  |b KIS3GCP 
958 |a SK 
958 |a HU 
958 |a RG 
999 |c 2152969  |d 2154899